Komparatívna analýza daňového zaťaženia podnikateľov Slovenskej republiky a vybranej krajiny Európskej únie diplomová práca

Salvato in:
Dettagli Bibliografici
Autore principale: Slováková, Annamária
Ente Autore: Fakulta hospodárskej informatiky EU. Katedra účtovníctva a audítorstva
Altri autori: Pakšiová, Renáta, 1974-
Natura: Libro
Lingua:slovacco
Pubblicazione: Bratislava 2019
Tags: Aggiungi Tag
Nessun Tag, puoi essere il primo ad aggiungerne!!

MARC

LEADER 00000nbm a2200000 4500
001 0254127
005 20200113081136.4
041 0 |a slo 
044 |a SK 
245 1 0 |a Komparatívna analýza daňového zaťaženia podnikateľov Slovenskej republiky a vybranej krajiny Európskej únie  |b diplomová práca  |c Annamária Mariana Slováková ; školiteľ: Renáta Pakšiová 
264 1 |a Bratislava  |c 2019 
300 |a 78 s. 
100 1 |a Slováková, Annamária 
700 1 |a Pakšiová, Renáta, 1974- 
710 2 |a Fakulta hospodárskej informatiky EU. Katedra účtovníctva a audítorstva